Joueurs de Ligue 1 aléatoires ayant joué plus de 400 matchs - Statistiques

Statistiques générales
  • Ce quiz a été pris 79 fois
  • Le résultat moyen est 5 sur 10
Statistiques - réponses
Photo % Correct
Mickaël Landreau
100%
Jimmy Briand
100%
Vitorino Hilton
50%
Sylvain Armand
0%
Blaise Matuidi
0%
Daniel Congré
0%
Delio Onnis
0%
Ludovic Giuly
0%
Bernard Lama
0%
Florent Balmont
0%
Joseph Ujlaki
0%
Anthony Réveillère
0%
Marius Trésor
0%
Ulrich Ramé
0%
Joël Bats
0%
Fleury Di Nallo
0%
Paul Le Guen
0%
Benoît Pedretti
0%
Rio Mavuba
0%
Jérôme Leroy
0%
Daniel Bravo
0%
Nicolas Penneteau
0%
Dominique Rocheteau
0%
René Girard
0%
Raymond Domenech
0%
Jean Tigana
0%
Etienne Didot
0%
Claude Puel
0%
Frank Dumas
0%
Benoît Cheyrou
0%
Dimitri Payet
0%
Frédéric Déhu
0%
Grégory Coupet
0%
Stéphane Ruffier
0%
Pascal Olmeta
0%
Souleymane Camara
0%
Mathieu Bodmer
0%
Albert Emon
0%
Steve Mandanda
0%
Laurent Batlles
0%
Bernard Lacombe
0%
Jaroslav Plasil
0%
Aucun quiz correspondant
Distribution des résultats
% des personnes avec chaque résultat
Percentile par nombre de réponses
Votre historique - résultats
Vous n’avez pas pris ce quiz